Advanced modern control system theory and design (Record no. 11919)

000 -LEADER
fixed length control field 01214cam a2200301 a 4500
001 - CONTROL NUMBER
control field 4034406
005 - DATE AND TIME OF LATEST TRANSACTION
control field 20170105102351.0
008 - FIXED-LENGTH DATA ELEMENTS--GENERAL INFORMATION
fixed length control field 980728s1998 nyua b 001 0 eng
010 ## - LIBRARY OF CONGRESS CONTROL NUMBER
LC control number 98030680
020 ## - INTERNATIONAL STANDARD BOOK NUMBER
International Standard Book Number 0471318574 (alk. paper)
040 ## - CATALOGING SOURCE
Original cataloging agency DLC
Transcribing agency DLC
Modifying agency DLC
050 00 - LIBRARY OF CONGRESS CALL NUMBER
Classification number TJ213
Item number .S45543 1998
082 00 - DEWEY DECIMAL CLASSIFICATION NUMBER
Classification number 629.8
Edition number 21
100 1# - MAIN ENTRY--PERSONAL NAME
Personal name Shinners, Stanley M.
245 10 - TITLE STATEMENT
Title Advanced modern control system theory and design
Statement of responsibility, etc. Stanley M. Shinners
260 ## - PUBLICATION, DISTRIBUTION, ETC.
Place of publication, distribution, etc. New York :
Name of publisher, distributor, etc. Wiley,
Date of publication, distribution, etc. c1998.
300 ## - PHYSICAL DESCRIPTION
Extent xvi, 607 p. :
Other physical details ill. ;
Dimensions 26 cm.
500 ## - GENERAL NOTE
General note "A Wiley-Interscience publication."
504 ## - BIBLIOGRAPHY, ETC. NOTE
Bibliography, etc. note Includes bibliographical references and index.
650 #0 - SUBJECT ADDED ENTRY--TOPICAL TERM
Topical term or geographic name entry element Automatic control.
650 #0 - SUBJECT ADDED ENTRY--TOPICAL TERM
Topical term or geographic name entry element Control theory.
856 42 - ELECTRONIC LOCATION AND ACCESS
Materials specified Contributor biographical information
Uniform Resource Identifier <a href="http://www.loc.gov/catdir/bios/wiley042/98030680.html">http://www.loc.gov/catdir/bios/wiley042/98030680.html</a>
856 42 - ELECTRONIC LOCATION AND ACCESS
Materials specified Publisher description
Uniform Resource Identifier <a href="http://www.loc.gov/catdir/description/wiley033/98030680.html">http://www.loc.gov/catdir/description/wiley033/98030680.html</a>
856 4# - ELECTRONIC LOCATION AND ACCESS
Materials specified Table of Contents
Uniform Resource Identifier <a href="http://www.loc.gov/catdir/toc/onix05/98030680.html">http://www.loc.gov/catdir/toc/onix05/98030680.html</a>
906 ## - LOCAL DATA ELEMENT F, LDF (RLIN)
a 7
b cbc
c orignew
d 1
e ocip
f 19
g y-gencatlg
942 ## - ADDED ENTRY ELEMENTS (KOHA)
Source of classification or shelving scheme
Koha item type Book
Holdings
Withdrawn status Lost status Damaged status Not for loan Collection code Permanent Location Current Location Shelving location Date acquired Source of acquisition Cost, normal purchase price Total Checkouts Full call number Barcode Date last seen Date last checked out Price effective from Koha item type
          Central Library (CL) Central Library (CL) General Stacks 06/13/2013 Multi-Line Books 15226.41 1 629.8 SHI SEECS012440 10/10/2019 09/02/2019 06/14/2013 Book
© 2023 Central Library, National University of Sciences and Technology. All Rights Reserved.